Burocracias y violencia : estudios de antropología jurídica /
Guardado en:
| Autor Principal: | |
|---|---|
| Formato: | Libro |
| Idioma: | Spanish |
| Publicado: |
Buenos Aires :
Antropofagia,
2004.
|
| Edición: | 1a. ed. |
| Materias: | |
| Etiquetas: |
Agregar Etiqueta
Sin Etiquetas, Sea el primero en etiquetar este registro!
|
| LEADER | 00504nam a22001575a 4500 | ||
|---|---|---|---|
| 001 | DER.der014498 | ||
| 008 | 191122s2004####ag############000#0#spa#d | ||
| 005 | 20241107083503.0 | ||
| 245 | 1 | 0 | |a Burocracias y violencia : |b estudios de antropología jurídica / |c compilado por Sofía Tiscornia. |
| 250 | |a 1a. ed. | ||
| 260 | |a Buenos Aires : |b Antropofagia, |c 2004. | ||
| 300 | |a 469 p. | ||
| 020 | |a 9872138729 | ||
| 100 | 1 | |a Tiscornia, Sofía. | |
| 650 | 7 | |a ANTROPOLOGIA JURIDICA | |
| 859 | |a DERECHO |b BIB. DERECHO |h 306 |i TIS |p 009777 | ||
